00723nam a2200241 a 4500001001300000003000900013005001700022008004100039020002300080082002000103100002200123245003200145260003300177300000900210500003500219505001800254650002200272700002200294902000800316942000700324952013300331999001700464nice12345678IN_TiNIC20260116014332.0080916s2008 dela grp 000 0 eng  a9788178844336c70000a305.480293bGUP aGupta, Sameer Das aWomen in Buddhist Tradition aDelhi bCyber Techpub c2008 a248p aincludes index and biblioraphy2 abiblio, index aWomen in Buddhism1 aGupta, Sameer Das bSRS cBK 001040708StackRoom-aHMIbHMId2008-09-16g700.00l3o305.480293 GUPp022537r2022-07-29s2022-07-26v700.00w2008-09-16yBK c14867d14867